| 000 | 00358nam a2200145Ia 4500 | ||
|---|---|---|---|
| 008 | 231217s9999 xx 000 0 und d | ||
| 041 | _aEnglish | ||
| 082 | _a671.5 SHA;1 | ||
| 100 | _aShaw, Milton C. | ||
| 245 | 0 | _aMetal cutting principles | |
| 260 |
_c1984 _bOxford : Clarendon Press, |
||
| 300 | _axxii+594 | ||
| 650 | _aMetal cutting | ||
| 942 | _cAA | ||
| 999 |
_c166312 _d166312 |
||